000 00193 a2200097 4500
001 3479
100 _aPanikkar,
245 _aAngola in flames
260 _a
_bAsia pub
_c
090 _c2745
_d2745
942 _aNUST-CAE
_cM
_c19391
999 _c238552
_d238552